| 000 | 00537nam a2200181 a 4500 | ||
|---|---|---|---|
| 001 | 2219 | ||
| 005 | 20140414131956.0 | ||
| 008 | 001111s19uu xx 00 eng d | ||
| 020 | _a0-669-00772-2 | ||
| 050 |
_aTR 372.6 _bH73 1978 |
||
| 100 | _aHolmes, Stewart W. | ||
| 245 |
_aModern English in action, practice, level 12 / _cstewart W. Holmes. |
||
| 250 | _aTeacher's edition | ||
| 260 |
_aLexington, MA : _bD. C. Heath & Co, _c1978. |
||
| 300 | _a171 p. ; cm. | ||
| 650 |
_aEnglish language _xStudy and teaching. |
||
| 999 |
_c112931 _d112931 |
||